[Event "Challenge"]
[Site "http://www.queenalice.com/game.php?id=74803"]
[Date "2006.6.7"]
[Round "-"]
[White "joshua_08"]
[Black "Atong"]
[Result "0-1"]
[WhiteElo "1413"]
[BlackElo "1742"]

1. e4 e5 2. Qh5 d6 3. Bc4 g6 4. Qf3 Nh6 5. d3 Bg4 6. Qe3 Qd7 7. h3 Be6 8. Na3
Bg7 9. Nf3 O-O 10. Bb5 c6 11. Ba4 d5 12. exd5 Bxd5 13. Nd2 e4 14. dxe4 Re8 15.
f3 Be6 16. c3 b5 17. Bb3 Bf5 18. Bc2 Na6 19. b4 Rad8 20. O-O Qc7 21. c4 Nxb4 22.
Rb1 Bd4 23. Nb3 Bxe3+ 24. Bxe3 Be6 25. Nd4 Bxc4 26. Rfd1 Nxc2 27. Naxc2 c5 28.
Bxh6 b4 29. Ne3 Rxd4 30. Rdc1 Bxa2 31. Rb2 b3 32. Ng4 Qc6 33. Be3 Rd3 34. Nh6+
Kg7 35. Bg5 c4 36. Ng4 Qc5+ 37. Kf1 Qxg5 38. Rxc4 Qb5 39. Nf2 Qxc4 40. Nxd3
Qxd3+ 41. Ke1 Qc3+ 0-1

[Event "Challenge"]
[Site "http://www.queenalice.com/game.php?id=74804"]
[Date "2006.6.7"]
[Round "-"]
[White "Atong"]
[Black "Jorge"]
[Result "1-0"]
[WhiteElo "1500"]
[BlackElo "1365"]

1. e4 e5 2. Qf3 f6 3. Qh5+ g6 4. Qf3 Bc5 5. d3 c6 6. Ne2 Qa5+ 7. Bd2 Qb6 8. b3
Ne7 9. Be3 g5 10. Qxf6 Rg8 11. d4 exd4 12. Bxd4 Qa5+ 13. c3 d5 14. e5 Rg6 15.
Qh8+ Rg8 16. Qxh7 Bxd4 17. Nxd4 c5 18. Bb5+ Nbc6 19. Nxc6 Qxb5 20. Qxe7# 1-0

[Event "Challenge"]
[Site "http://www.queenalice.com/game.php?id=80555"]
[Date "2006.6.27"]
[Round "-"]
[White "li2carpio"]
[Black "Atong"]
[Result "1-0"]
[WhiteElo "1796"]
[BlackElo "1748"]

1. e4 e5 2. Bc4 Nh6 3. d3 a6 4. Nf3 d6 5. h3 b5 6. Bb3 Nc6 7. a4 b4 8. O-O g6 9.
Bg5 Ne7 10. Qd2 a5 11. Bxh6 f5 12. Bxf8 Rxf8 13. Qh6 fxe4 14. dxe4 Bb7 15. Nbd2
c5 16. Ng5 d5 17. Ne6 Qd6 18. Nxf8 Ng8 19. Qxh7 Ne7 20. exd5 Bxd5 21. Qh8 O-O-O
22. Qg7 Bxb3 23. Nxb3 e4 24. Nh7 Nf5 25. Qf7 Rd7 26. Qf8+ Rd8 27. Qxd6 Nxd6 28.
Rad1 Kc7 29. Nxc5 Re8 30. Nf6 Re5 31. Nb3 Re6 32. Nd5+ Kd7 33. Nc5+ 1-0

[Event "Challenge"]
[Site "http://www.queenalice.com/game.php?id=81329"]
[Date "2006.6.30"]
[Round "-"]
[White "ryan"]
[Black "Atong"]
[Result "1-0"]
[WhiteElo "1100"]
[BlackElo "1500"]

1. e4 e5 2. Nf3 d6 3. Bc4 Qf6 4. d3 h6 5. Nc3 Be6 6. Bd5 c6 7. Bxe6 Qxe6 8. a3
Nd7 9. Be3 Ngf6 10. h3 d5 11. exd5 Nxd5 12. Nxd5 Qxd5 13. O-O e4 14. dxe4 Qxe4
15. Re1 Qg6 16. Bg5+ Be7 17. Bxe7 Nf6 18. Qd2 Ng8 19. Bc5+ Ne7 20. Rxe7+ 1-0

[Event "AUTO-OPEN-320"]
[Site "http://www.queenalice.com/game.php?id=84788"]
[Date "2006.7.11"]
[Round "1"]
[White "aesnihc"]
[Black "Atong"]
[Result "1-0"]
[WhiteElo "1831"]
[BlackElo "1681"]

1. e4 e5 2. Nf3 Qf6 3. d3 d6 4. Bg5 Qg6 5. Nc3 c6 6. Be2 h6 7. Bh4 Qxg2 8. Rg1
Qh3 9. Qd2 g5 10. Bg3 Nf6 11. O-O-O g4 12. Nh4 Be7 13. Bf1 Qxg3 14. hxg3 Nfd7
15. Qe2 Bg5+ 16. Kb1 Nc5 17. Nf5 Bxf5 18. exf5 Nbd7 19. Qxg4 Nf6 20. Qc4 b5 21.
Nxb5 O-O 22. Nxd6 Ncd7 23. Qxc6 Rab8 24. Bg2 Rb6 25. Qc7 Kg7 26. Ne4 Rfb8 27. b3
R8b7 28. Qc3 Nd5 29. Qb2 Bf6 30. Nxf6 Rxf6 31. Bxd5 Rc7 32. g4 Rd6 33. c4 Nc5
34. f4 f6 35. fxe5 fxe5 36. Qxe5+ 1-0

[Event "AUTO-OPEN-320"]
[Site "http://www.queenalice.com/game.php?id=84789"]
[Date "2006.7.11"]
[Round "1"]
[White "Atong"]
[Black "aesnihc"]
[Result "0-1"]
[WhiteElo "1721"]
[BlackElo "1845"]

1. e4 c5 2. Bc4 e6 3. Nh3 d5 4. exd5 exd5 5. Bb5+ Bd7 6. Qe2+ Be7 7. O-O Nf6 8.
Na3 a6 9. Bxd7+ Nbxd7 10. Ng5 O-O 11. Qd3 Ne5 12. Qe3 Nfg4 13. Qe2 Bxg5 14. d3
Bxc1 15. Raxc1 Re8 16. c3 Qh4 17. h3 Nf6 18. d4 cxd4 19. cxd4 Nc4 20. Qc2 Nxa3
21. Qa4 Nb5 22. Qb4 Qxd4 23. Qb3 Rac8 24. Rcd1 Qe5 25. Rfe1 Qxe1+ 26. Rxe1 Rxe1+
27. Kh2 Rcc1 28. g4 g5 29. Qa4 Ne4 30. h4 Rh1+ 31. Kg2 Rxh4 32. Kf3 Rf1 33. Ke2
Rxf2+ 0-1

[Event "AUTO-OPEN-320"]
[Site "http://www.queenalice.com/game.php?id=84808"]
[Date "2006.7.11"]
[Round "1"]
[White "clauberfm"]
[Black "Atong"]
[Result "1-0"]
[WhiteElo "2100"]
[BlackElo "1770"]

1. Nf3 e6 2. Nc3 Nh6 3. d4 g6 4. e4 d6 5. Bg5 f6 6. Bf4 e5 7. dxe5 dxe5 8. Qxd8+
Kxd8 9. Nxe5 fxe5 10. Bxe5 Rg8 11. Bc4 Nd7 12. O-O-O Bd6 13. Bxd6 cxd6 14. Bxg8
Nxg8 15. Rxd6 Ke8 16. Rhd1 a6 17. Nd5 Kd8 18. Nb6 Rb8 19. Nxd7 Bxd7 20. Rxd7+
Ke8 21. Rxh7 Nf6 22. Rh8+ Ke7 23. Rxb8 Nxe4 24. Re1 1-0

[Event "AUTO-OPEN-320"]
[Site "http://www.queenalice.com/game.php?id=84809"]
[Date "2006.7.11"]
[Round "1"]
[White "Atong"]
[Black "clauberfm"]
[Result "0-1"]
[WhiteElo "1762"]
[BlackElo "2105"]

1. e4 Nf6 2. Nc3 d5 3. d4 Nxe4 4. Nxe4 dxe4 5. Qe2 Qxd4 6. Qb5+ Nc6 7. c3 Qb6 8.
Be3 Qxb5 9. Bxb5 a6 10. Bxc6+ bxc6 11. Ne2 e5 12. O-O f5 13. g3 Be6 14. b3 O-O-O
15. f4 exf4 16. Nxf4 Bd7 17. Rf2 g5 18. Nh5 Be7 19. Rd1 Rhg8 20. h3 f4 21. Bd4
e3 22. Re2 Be8 23. g4 c5 24. Rc1 cxd4 25. cxd4 Rxd4 26. Rec2 c5 27. Nf6 Bxf6 28.
Rxc5+ Kb7 29. Rc7+ Kb6 30. R7c6+ Bxc6 31. a4 Rgd8 32. Kf1 Bf3 33. Ke1 Rd1+ 34.
Rxd1 Rxd1# 0-1

[Event "AUTO-OPEN-320"]
[Site "http://www.queenalice.com/game.php?id=84820"]
[Date "2006.7.11"]
[Round "1"]
[White "Atong"]
[Black "Santista35"]
[Result "0-1"]
[WhiteElo "1701"]
[BlackElo "1802"]

1. e4 e5 2. Nf3 d6 3. d4 exd4 4. Qxd4 Bd7 5. Bc4 Nc6 6. Qd5 Qe7 7. Bf4 Nf6 8.
Bg5 Nxd5 9. Bxe7 Ndxe7 10. O-O f6 11. Nc3 Ne5 12. Nxe5 dxe5 13. Nb5 Bxb5 14.
Bxb5+ c6 15. Ba4 O-O-O 16. b3 b5 17. Bxb5 cxb5 18. g3 Nc6 19. Rac1 Rd2 20. Rfd1
Rxd1+ 21. Rxd1 Bc5 22. c4 bxc4 23. bxc4 Rd8 24. Rxd8+ Kxd8 25. h4 Na5 26. a4 Nb3
27. Kg2 Nd2 28. f3 Nxc4 29. Kh3 a5 30. g4 Nb2 31. h5 Nxa4 32. Kh4 Nc3 33. g5 Be3
34. gxf6 gxf6 0-1

[Event "AUTO-OPEN-320"]
[Site "http://www.queenalice.com/game.php?id=84821"]
[Date "2006.7.11"]
[Round "1"]
[White "Santista35"]
[Black "Atong"]
[Result "1-0"]
[WhiteElo "1789"]
[BlackElo "1632"]

1. d4 d5 2. Nc3 e6 3. a3 Nc6 4. Bf4 Qf6 5. e3 Nge7 6. Bxc7 Ng6 7. Bg3 a6 8. Qf3
Be7 9. Qxf6 Bxf6 10. Bd3 O-O 11. Bxg6 hxg6 12. Nf3 b5 13. O-O b4 14. axb4 Nxb4
15. Ra4 Nxc2 16. Rc1 Bd7 17. Rxc2 Bxa4 18. Nxa4 Rab8 19. Bxb8 Rxb8 20. Nc5 Rc8
21. Ne1 a5 22. Nd7 Rxc2 23. Nxf6+ Kf8 24. Nxc2 gxf6 25. b3 f5 26. Kf1 Ke7 27.
Ke1 Kf6 28. Kd1 e5 29. dxe5+ Kxe5 30. Kd2 g5 31. Kd3 f6 32. Nd4 f4 33. Nc6+ Kd6
34. Nxa5 Ke5 35. exf4+ gxf4 36. f3 f5 37. h4 1-0

[Event "AUTO-ELITE-76"]
[Site "http://www.queenalice.com/game.php?id=85103"]
[Date "2006.7.12"]
[Round "1"]
[White "Atong"]
[Black "dnptrs"]
[Result "0-1"]
[WhiteElo "1756"]
[BlackElo "1995"]

1. e4 c5 2. Bc4 e6 3. Qf3 Nc6 4. c3 Nf6 5. d3 d6 6. Bg5 Ne5 7. Qf4 Be7 8. Bxf6
Bxf6 9. d4 Nxc4 10. Nf3 Nxb2 11. O-O Qc7 12. Nbd2 e5 13. Qg3 Nd3 14. Ng5 Nf4 15.
Qe3 Bxg5 16. Qd3 Nxd3 17. Nf3 cxd4 18. cxd4 Bf6 19. dxe5 Nxe5 20. Rac1 Nxf3+ 21.
gxf3 Bg5 22. Rxc7 Rb8 23. Re1 Bf4 24. Kg2 Be6 25. Rd1 O-O 26. Rd4 Bxa2 27. Rc2
Be6 28. Rxd6 Bxd6 29. Rd2 Bf4 30. h3 Rfd8 31. Ra2 Bxa2 0-1

[Event "AUTO-ELITE-76"]
[Site "http://www.queenalice.com/game.php?id=85118"]
[Date "2006.7.12"]
[Round "1"]
[White "Number9"]
[Black "Atong"]
[Result "0-1"]
[WhiteElo "1912"]
[BlackElo "1680"]

1. d4 e6 2. e4 d5 3. Nc3 Bb4 4. e5 Bxc3+ 5. bxc3 f6 6. f4 Nc6 7. Bd3 f5 8. Nf3
Nh6 9. O-O b6 10. Ba3 Ng4 11. Re1 Na5 12. h3 Nh6 0-1

[Event "AUTO-ELITE-76"]
[Site "http://www.queenalice.com/game.php?id=85119"]
[Date "2006.7.12"]
[Round "1"]
[White "Atong"]
[Black "Number9"]
[Result "1-0"]
[WhiteElo "1553"]
[BlackElo "1912"]

1. e4 e5 2. Nf3 Nc6 3. Bb5 Bc5 4. Bxc6 dxc6 5. d3 Nf6 6. Nxe5 Qd4 7. O-O Qxe5 8.
g3 Bh3 9. Re1 Ng4 10. Bf4 Bxf2+ 11. Kh1 Qxb2 12. Nd2 Bd4 13. Rb1 1-0

[Event "AUTO-ELITE-76"]
[Site "http://www.queenalice.com/game.php?id=85130"]
[Date "2006.7.12"]
[Round "1"]
[White "Atong"]
[Black "Miguelname"]
[Result "0-1"]
[WhiteElo "1632"]
[BlackElo "2123"]

1. e4 e5 2. Qf3 Nf6 3. Nc3 Nc6 4. Bc4 Nd4 5. Qd3 c6 6. Nf3 d5 7. Bb3 dxe4 8.
Nxe4 Bf5 9. Nxe5 Bxe4 10. Bxf7+ Ke7 11. Qa3+ Qd6 12. Qxd6+ Kxd6 13. Nc4+ Ke7 14.
Ne5 Nxc2+ 15. Kd1 Nxa1 16. Bc4 b5 17. Bd3 Bxd3 0-1

[Event "Challenge"]
[Site "http://www.queenalice.com/game.php?id=100573"]
[Date "2006.8.29"]
[Round "-"]
[White "Atong"]
[Black "Electric_Lettuce"]
[Result "0-1"]
[WhiteElo "1665"]
[BlackElo "1503"]

1. e4 e5 2. Bc4 Nf6 3. Qf3 d5 4. exd5 e4 5. Qf4 Bd6 6. Qg5 O-O 7. b3 h6 8. Qe3
Bf5 9. d3 Bb4+ 10. Bd2 c5 11. Bxb4 cxb4 12. Ne2 Nxd5 13. Qc5 exd3 14. cxd3 Qf6
15. d4 Qg6 16. Qxd5 Bxb1 17. Qxb7 Nc6 18. O-O Na5 19. Qd5 Nxc4 20. Qxc4 Bd3 21.
Qxb4 Bxe2 22. Rfe1 Bf3 23. g3 Qg4 24. Re3 Rfe8 25. Rae1 Re4 26. Rxe4 Bxe4 27. d5
Re8 28. Rxe4 Qxe4 29. Qc5 Qf3 30. d6 Re1# 0-1

[Event "Challenge"]
[Site "http://www.queenalice.com/game.php?id=100689"]
[Date "2006.8.29"]
[Round "-"]
[White "mike23"]
[Black "Atong"]
[Result "1-0"]
[WhiteElo "1318"]
[BlackElo "1596"]

1. e4 e5 2. h4 Nf6 3. Rh3 d6 4. Rd3 d5 5. exd5 Nxd5 6. Qh5 Qd6 7. Rf3 g6 8. Qg4
Bxg4 9. Ne2 Bxf3 10. gxf3 Nf4 11. Nbc3 Nxe2 12. Nxe2 Bh6 13. Bh3 O-O 14. c4 Rd8
15. b3 Bxd2+ 16. Kf1 Bxc1 17. Rxc1 Qd3 18. h5 e4 19. fxe4 1-0

[Event "Challenge"]
[Site "http://www.queenalice.com/game.php?id=102972"]
[Date "2006.9.6"]
[Round "-"]
[White "ryan_07"]
[Black "Atong"]
[Result "1-0"]
[WhiteElo "1517"]
[BlackElo "1620"]

1. e4 e5 2. Nf3 d6 3. Nc3 Bg4 4. Be2 Nf6 5. h3 Bxf3 6. Bxf3 Nc6 7. d3 Nd4 8. O-O
Qd7 9. Bg4 Nxg4 10. f3 Nf6 11. Bg5 Qe6 12. Bxf6 1-0